[Event "11th 4NCL Congress"]
[Site "Milton Keynes"]
[Date "2016.11.04"]
[Round "1.2"]
[White "David, Ivan"]
[Black "Bennett, Dominic L"]
[Result "1/2-1/2"]
[WhiteElo "1853"]
[BlackElo "1967"]
[PlyCount "66"]
[EventDate "2016.11.04"]

1. d4 d6 2. Bf4 c6 3. h3 Qb6 4. Nc3 Qxb2 5. Bd2 Qb6 6. Nf3 g6 7. Rb1 Qc7 8. e4
Bg7 9. Bd3 Nd7 10. O-O e5 11. dxe5 Nxe5 12. Nxe5 dxe5 13. f4 Nf6 14. fxe5 Qxe5
15. Qf3 O-O 16. Ne2 Nd7 17. Kh1 Qe7 18. Bb4 c5 19. Bc3 Ne5 20. Bxe5 Qxe5 21.
Nf4 b6 22. Bc4 Bb7 23. Bd5 Bxd5 24. exd5 Rad8 25. c4 Qd4 26. Qb3 Rd6 27. Rbd1
Qc3 28. Qa4 Be5 29. Rf3 Qb4 30. Qc2 Bxf4 31. Rxf4 Qa3 32. Rf3 Qa6 33. Re3 Qc8
1/2-1/2

[Event "11th 4NCL Congress"]
[Site "Milton Keynes"]
[Date "2016.11.04"]
[Round "1.3"]
[White "Lawson, Maurice E"]
[Black "Obi, Marc On"]
[Result "0-1"]
[WhiteElo "1963"]
[BlackElo "1851"]
[PlyCount "58"]
[EventDate "2016.11.04"]

1. e4 g6 2. Nc3 Bg7 3. d4 d6 4. Be3 a6 5. a4 b6 6. Be2 Nd7 7. Qd2 Bb7 8. f4 c5
9. Bf3 cxd4 10. Bxd4 e5 11. Bf2 exf4 12. Nge2 Be5 13. O-O Ngf6 14. Nxf4 O-O 15.
Rad1 Qc7 16. Bd4 Rad8 17. Nfd5 Nxd5 18. exd5 f5 19. Kh1 Rde8 20. Ne2 Rf7 21. c3
Rfe7 22. Nf4 Qc4 23. Bxe5 Nxe5 24. Be2 Qxa4 25. Ra1 Qe4 26. Bxa6 Bxa6 27. Rxa6
Nc4 28. Qf2 Ne3 29. Re1 Ng4 0-1

[Event "11th 4NCL Congress"]
[Site "Milton Keynes"]
[Date "2016.11.04"]
[Round "1.4"]
[White "Nandi, Robin J"]
[Black "Williamson, Kevin J"]
[Result "0-1"]
[WhiteElo "1848"]
[BlackElo "1959"]
[PlyCount "62"]
[EventDate "2016.11.04"]

1. d4 d5 2. c4 Nc6 3. Nf3 Bg4 4. Nbd2 e6 5. g3 Nf6 6. Bg2 Be7 7. O-O O-O 8. b3
Ne4 9. Nxe4 dxe4 10. Ne5 Nxe5 11. dxe5 Bf5 12. Be3 Qxd1 13. Rfxd1 Rfd8 14. Kf1
a6 15. Ke1 Bb4+ 16. Bd2 Rxd2 17. Rxd2 Rd8 18. Rad1 e3 19. fxe3 Bc2 20. Kf2 Bxd2
21. Ra1 b5 22. cxb5 axb5 23. b4 Ba4 24. a3 Bc3 25. Rc1 Bxe5 26. Rc5 Bb2 27.
Rxc7 Bxa3 28. Bc6 Bxb4 29. Rb7 g6 30. Bxb5 Bxb5 31. Rxb5 Bc3 0-1

[Event "11th 4NCL Congress"]
[Site "Milton Keynes"]
[Date "2016.11.04"]
[Round "1.5"]
[White "Ai, Farshad"]
[Black "Homolka, Vincent O"]
[Result "1-0"]
[WhiteElo "1950"]
[BlackElo "1812"]
[PlyCount "109"]
[EventDate "2016.11.04"]

1. c4 e6 2. g3 d5 3. Bg2 c5 4. Nf3 Nc6 5. cxd5 exd5 6. d4 Nf6 7. O-O Be7 8.
dxc5 Bxc5 9. a3 O-O 10. b4 Be7 11. Bb2 a6 12. Nbd2 Bf5 13. Nb3 Rc8 14. Rc1 Ne4
15. Nbd4 Nxd4 16. Nxd4 Bg6 17. e3 Bf6 18. f4 h6 19. Qe2 Qd7 20. g4 Rxc1 21.
Rxc1 Rc8 22. Rxc8+ Qxc8 23. f5 Bh7 24. Nb3 Qc6 25. Na5 Qd7 26. Bxe4 Bxb2 27.
Qxb2 dxe4 28. Qd4 Qxd4 29. exd4 b6 30. Nc4 b5 31. Ne3 Kf8 32. Kf2 Ke7 33. Kg3
f6 34. Kf4 Kd6 35. Kxe4 Bg8 36. d5 Bf7 37. Kd4 Bg8 38. h3 Bf7 39. a4 Bg8 40.
axb5 axb5 41. Ng2 Bxd5 42. Nf4 Bf7 43. Ne6 Bxe6 44. fxe6 Kxe6 45. Kc5 g6 46.
Kxb5 f5 47. gxf5+ gxf5 48. Kc5 f4 49. Kd4 f3 50. Ke3 Kd5 51. Kxf3 Kc4 52. Kg4
Kxb4 53. Kh5 Kc5 54. Kxh6 Kd6 55. Kg7 1-0

[Event "11th 4NCL Congress"]
[Site "Milton Keynes"]
[Date "2016.11.04"]
[Round "1.6"]
[White "Whiteside, Robert"]
[Black "Taylor, Robert K"]
[Result "0-1"]
[WhiteElo "1803"]
[BlackElo "1946"]
[PlyCount "72"]
[EventDate "2016.11.04"]

1. e4 c5 2. d4 cxd4 3. c3 dxc3 4. Nxc3 e6 5. Nf3 Nc6 6. Bc4 Qc7 7. Qe2 Nf6 8.
O-O Ng4 9. Nb5 Qb8 10. h3 Nge5 11. Bf4 a6 12. Nxe5 Nxe5 13. Nc3 Bd6 14. Bb3
Nf3+ 15. Qxf3 Bxf4 16. Rad1 b6 17. Rfe1 Be5 18. Rd3 Ra7 19. Qh5 O-O 20. g3 g6
21. Qg5 Bg7 22. e5 f6 23. exf6 Bxf6 24. Qd2 d5 25. Ne2 Raf7 26. f4 b5 27. f5
gxf5 28. Nf4 Bg5 29. Qf2 Bxf4 30. gxf4 Rg7+ 31. Kh1 Rf6 32. Qh4 d4 33. Rxd4
Bb7+ 34. Bd5 Bxd5+ 35. Rxd5 Qa8 36. Red1 Rf8 0-1

[Event "11th 4NCL Congress"]
[Site "Milton Keynes"]
[Date "2016.11.04"]
[Round "1.7"]
[White "Nwachukwu, Chino"]
[Black "Clegg, Robert"]
[Result "0-1"]
[WhiteElo "1936"]
[BlackElo "1791"]
[PlyCount "78"]
[EventDate "2016.11.04"]

1. e4 e6 2. d4 d5 3. Nd2 Nf6 4. e5 Nfd7 5. Bd3 c5 6. c3 Nc6 7. Ne2 cxd4 8. cxd4
f6 9. exf6 Nxf6 10. O-O Bd6 11. Nf3 Qc7 12. Bg5 O-O 13. Rc1 Qb6 14. Qd2 Bd7 15.
a3 Rac8 16. Bb1 Na5 17. Rxc8 Bxc8 18. Bxf6 gxf6 19. b4 Nc4 20. Qd3 Qc7 21. h3
Qg7 22. Nd2 b5 23. Nxc4 bxc4 24. Qd2 Bd7 25. Nc3 Kh8 26. f4 Qh6 27. Rf3 Rg8 28.
Qf2 f5 29. Bc2 Be8 30. Qe3 Bh5 31. Rf2 Bf7 32. Ba4 Qh4 33. Ne2 Qe7 34. Kh2 h5
35. Ng1 h4 36. Bd1 Rg3 37. Bf3 Qc7 38. Ne2 Kg8 39. Nxg3 Bxf4 0-1

[Event "11th 4NCL Congress"]
[Site "Milton Keynes"]
[Date "2016.11.04"]
[Round "1.8"]
[White "Modi, Shyam Jagdish"]
[Black "Pink, Joshua"]
[Result "0-1"]
[WhiteElo "1787"]
[BlackElo "1935"]
[PlyCount "40"]
[EventDate "2016.11.04"]

1. e4 e5 2. Nf3 d6 3. d4 Bg4 4. c3 Nf6 5. Bd3 Nc6 6. Be3 d5 7. Nbd2 Bd6 8. O-O
O-O 9. h3 Bh5 10. g4 Bg6 11. Qc2 Re8 12. Rae1 Nxe4 13. Nxe4 dxe4 14. Bxe4 Bxe4
15. Qxe4 exd4 16. Bg5 Rxe4 17. Rxe4 f6 18. Bd2 dxc3 19. Bxc3 Qd7 20. Nh4 Re8
0-1

[Event "11th 4NCL Congress"]
[Site "Milton Keynes"]
[Date "2016.11.04"]
[Round "1.9"]
[White "Whitehead, Mark A"]
[Black "Bovtramovics, Vladimirs"]
[Result "1-0"]
[WhiteElo "1930"]
[BlackElo "1752"]
[PlyCount "59"]
[EventDate "2016.11.04"]

1. e4 c5 2. Nc3 e5 3. g3 Nf6 4. Bg2 Be7 5. Nge2 O-O 6. O-O d6 7. h3 Be6 8. Nd5
Bxd5 9. exd5 Nbd7 10. d3 b5 11. a4 bxa4 12. Rxa4 Nb6 13. Ra1 a5 14. c4 Nfd7 15.
g4 Bg5 16. Ng3 Bxc1 17. Qxc1 a4 18. Nf5 Nb8 19. f4 Qf6 20. Be4 Na6 21. g5 Qd8
22. fxe5 dxe5 23. Qe3 Nb4 24. Qg3 Nc2 25. Qh4 g6 26. Nh6+ Kg7 27. Nxf7 Ra7 28.
Bxg6 Rfxf7 29. Qxh7+ Kf8 30. Qh8+ 1-0

[Event "11th 4NCL Congress"]
[Site "Milton Keynes"]
[Date "2016.11.04"]
[Round "1.11"]
[White "Ireland, David J"]
[Black "Woods, Timothy J"]
[Result "1-0"]
[WhiteElo "1924"]
[BlackElo "1716"]
[PlyCount "57"]
[EventDate "2016.11.04"]

1. e4 d6 2. Nc3 g6 3. Bc4 Nf6 4. d3 Bg7 5. Bg5 O-O 6. Qd2 c6 7. a4 Qa5 8. Rb1
Nbd7 9. b4 Qc7 10. Nge2 Ne5 11. Bb3 a5 12. b5 c5 13. f4 Ned7 14. O-O Nb6 15.
Ba2 c4 16. h3 h6 17. Bh4 Bd7 18. f5 d5 19. fxg6 fxg6 20. exd5 Qe5 21. Bg3 Qh5
22. dxc4 Ra7 23. c5 Nbxd5 24. Nxd5 Ne4 25. Qe3 Rxf1+ 26. Rxf1 Bf5 27. Bf4 Qh4
28. c4 Ra8 29. Bb1 1-0

[Event "11th 4NCL Congress"]
[Site "Milton Keynes"]
[Date "2016.11.04"]
[Round "1.12"]
[White "Burrows, Nick"]
[Black "Modi, Kishan J"]
[Result "1/2-1/2"]
[WhiteElo "1894"]
[BlackElo "1595"]
[PlyCount "74"]
[EventDate "2016.11.04"]

1. f4 d5 2. Nf3 Nf6 3. g3 Bg4 4. Bg2 Nc6 5. Ne5 Nxe5 6. fxe5 Ne4 7. d3 Nc5 8.
Nd2 h5 9. d4 Ne6 10. Nf3 c5 11. c3 cxd4 12. cxd4 g6 13. Qa4+ Qd7 14. Qxd7+ Kxd7
15. Be3 Bh6 16. Kd2 Bxf3 17. exf3 Nxd4 18. f4 Nf5 19. Bxd5 Nxe3 20. Kxe3 e6 21.
Bxb7 Rab8 22. Rhd1+ Ke7 23. Bc6 Rxb2 24. Rd7+ Kf8 25. Rxa7 Rxh2 26. Ra8+ Kg7
27. Rxh8 Kxh8 28. a4 g5 29. a5 gxf4+ 30. gxf4 Bf8 31. a6 Bc5+ 32. Kf3 Ba7 33.
Kg3 Rc2 34. Bb7 Kg7 35. Rd1 Rc7 36. Rh1 Rc3+ 37. Kg2 Rc2+ 1/2-1/2

[Event "11th 4NCL Congress"]
[Site "Milton Keynes"]
[Date "2016.11.05"]
[Round "2.1"]
[White "Williamson, Kevin J"]
[Black "Ireland, David J"]
[Result "1-0"]
[WhiteElo "1959"]
[BlackElo "1924"]
[PlyCount "75"]
[EventDate "2016.11.04"]

1. d4 Nf6 2. Nc3 d5 3. Nf3 Bf5 4. Bg5 e6 5. e3 Bb4 6. Bd3 Bxd3 7. cxd3 c6 8.
O-O O-O 9. Qb3 Bxc3 10. bxc3 Qb6 11. Bxf6 gxf6 12. Qd1 Nd7 13. Rb1 Qc7 14. Nh4
f5 15. Qh5 b6 16. f4 Kh8 17. h3 Nf6 18. Qh6 Qe7 19. Nf3 Ng8 20. Qh5 Nf6 21. Qh4
Ng8 22. Ng5 h6 23. Qh5 f6 24. Nf3 Qf7 25. Qh4 Qg7 26. Kf2 Ne7 27. g4 fxg4 28.
hxg4 Rg8 29. Rh1 Kh7 30. Rh2 Qf8 31. Rbh1 Rg6 32. e4 dxe4 33. dxe4 Ng8 34. f5
exf5 35. gxf5 Rg5 36. Nxg5+ fxg5 37. Qxg5 c5 38. Qg6+ 1-0

[Event "11th 4NCL Congress"]
[Site "Milton Keynes"]
[Date "2016.11.05"]
[Round "2.2"]
[White "Brocklehurst, Andrew"]
[Black "Ai, Farshad"]
[Result "1/2-1/2"]
[WhiteElo "1877"]
[BlackElo "1950"]
[PlyCount "78"]
[EventDate "2016.11.04"]

1. e4 c6 2. d4 d5 3. e5 Bf5 4. Bd3 Bxd3 5. Qxd3 e6 6. Ne2 c5 7. O-O Nc6 8. Bf4
cxd4 9. Nxd4 Nxd4 10. Qxd4 Ne7 11. Nc3 Nc6 12. Qd2 a6 13. Rad1 Be7 14. Rfe1 O-O
15. Qe2 Bg5 16. Bxg5 Qxg5 17. Rd3 b5 18. Rg3 Qe7 19. Qg4 g6 20. h4 Rfd8 21. h5
Qf8 22. Qf4 Qg7 23. h6 Qf8 24. Rf3 Rac8 25. a3 Ne7 26. g4 Rc4 27. Qg5 Rdc8 28.
Rf4 Rxf4 29. Qxf4 Rc4 30. Qg5 Nc6 31. Kg2 Nd4 32. Ne2 Nc6 33. c3 Re4 34. f4 a5
35. Nd4 Nxd4 36. Rxe4 dxe4 37. cxd4 b4 38. axb4 axb4 39. Kf2 f5 1/2-1/2

[Event "11th 4NCL Congress"]
[Site "Milton Keynes"]
[Date "2016.11.05"]
[Round "2.3"]
[White "Taylor, Robert K"]
[Black "Obi, Marc On"]
[Result "1-0"]
[WhiteElo "1946"]
[BlackElo "1851"]
[PlyCount "94"]
[EventDate "2016.11.04"]

1. e4 g6 2. d4 Bg7 3. Nc3 d6 4. g3 Nc6 5. Be3 Nf6 6. h3 b6 7. Bg2 Bb7 8. Nf3
Na5 9. Nd2 c5 10. O-O cxd4 11. Bxd4 Nc6 12. Be3 Rc8 13. Re1 O-O 14. Qe2 Nb4 15.
Nb3 Ba6 16. Qd2 Qc7 17. Rac1 Nc6 18. f4 e6 19. a4 Nh5 20. g4 Nf6 21. Nb5 Bxb5
22. axb5 Ne7 23. c4 Rfd8 24. Qf2 Nd7 25. Red1 Nc5 26. Nxc5 dxc5 27. Bf3 a6 28.
Rxd8+ Rxd8 29. b4 axb5 30. cxb5 Qd7 31. bxc5 bxc5 32. Rxc5 Rb8 33. Qf1 Nc8 34.
Qd1 Qxd1+ 35. Bxd1 Na7 36. Be2 Bf8 37. Rc1 Nc8 38. e5 Bb4 39. Rc7 Ba5 40. Rd7
Kf8 41. Kg2 Ke8 42. Rd1 Nb6 43. Ra1 Bc3 44. Ra6 Nd5 45. Kf3 Nxe3 46. Kxe3 Bb4
47. Bf3 Rxb5 1-0

[Event "11th 4NCL Congress"]
[Site "Milton Keynes"]
[Date "2016.11.05"]
[Round "2.5"]
[White "Clegg, Robert"]
[Black "Whitehead, Mark A"]
[Result "1/2-1/2"]
[WhiteElo "1791"]
[BlackElo "1930"]
[PlyCount "43"]
[EventDate "2016.11.04"]

1. d4 Nf6 2. c4 e6 3. Nc3 Bb4 4. f3 d5 5. a3 Bxc3+ 6. bxc3 O-O 7. e3 c5 8. Bd3
Nc6 9. Ne2 b6 10. O-O Na5 11. cxd5 c4 12. Bc2 Nxd5 13. e4 Ne7 14. Ng3 Bb7 15.
a4 Qc7 16. f4 f5 17. Ba3 fxe4 18. Nxe4 Rxf4 19. Rxf4 Qxf4 20. Bxe7 Bxe4 21.
Bxe4 Qxe4 22. Qe1 1/2-1/2

[Event "11th 4NCL Congress"]
[Site "Milton Keynes"]
[Date "2016.11.05"]
[Round "2.7"]
[White "Munshi, Aditya"]
[Black "Burrows, Nick"]
[Result "0-1"]
[WhiteElo "1710"]
[BlackElo "1894"]
[PlyCount "46"]
[EventDate "2016.11.04"]

1. e4 c6 2. Nc3 d5 3. Nf3 Bg4 4. h3 Bxf3 5. Qxf3 e6 6. d3 Nf6 7. Bd2 Be7 8. g4
O-O 9. O-O-O b5 10. g5 Nfd7 11. h4 d4 12. Ne2 c5 13. Bh3 Nc6 14. Rdg1 c4 15.
Qg3 c3 16. bxc3 Qa5 17. cxd4 Qxa2 18. Bc3 Nb4 19. Bxb4 Bxb4 20. Kd1 Rac8 21. c3
Bxc3 22. Nxc3 Rxc3 23. Qe3 Rc2 0-1

[Event "11th 4NCL Congress"]
[Site "Milton Keynes"]
[Date "2016.11.05"]
[Round "2.8"]
[White "Sheremetyeva, Elizaveta"]
[Black "Mccarthy, Damian"]
[Result "1-0"]
[WhiteElo "1707"]
[BlackElo "1878"]
[PlyCount "107"]
[EventDate "2016.11.04"]

1. e4 c5 2. Nc3 g6 3. g3 Bg7 4. Bg2 Nc6 5. Nge2 d6 6. O-O Nf6 7. d3 O-O 8. Be3
Ne8 9. d4 cxd4 10. Nxd4 Bd7 11. Rb1 Ne5 12. Qe2 Rc8 13. f4 Ng4 14. Rfd1 Nxe3
15. Qxe3 a6 16. Kh1 e6 17. Nde2 Qc7 18. Rd2 b5 19. a3 a5 20. Qd3 b4 21. axb4
axb4 22. Nb5 Bxb5 23. Qxb5 Qc5 24. Qd3 Rc7 25. Nd4 Bxd4 26. Qxd4 e5 27. Qd3 Rc6
28. Rf1 Nc7 29. f5 f6 30. Qf3 Qc4 31. Qg4 g5 32. h4 Qf7 33. hxg5 fxg5 34. Qxg5+
Kh8 35. Rfd1 Rg8 36. Qh4 Nb5 37. Rf1 Nd4 38. Rff2 Rgc8 39. c3 bxc3 40. bxc3
Rxc3 41. g4 Rg8 42. g5 Rc1+ 43. Kh2 Rc7 44. Bf3 Qf8 45. Bh5 Qd8 46. f6 Ne6 47.
g6 h6 48. Qg4 Nf4 49. Rxf4 exf4 50. Qxf4 Qf8 51. Rxd6 Rc2+ 52. Kg3 Rc3+ 53. Kh4
Qc8 54. Qxh6# 1-0

[Event "11th 4NCL Congress"]
[Site "Milton Keynes"]
[Date "2016.11.05"]
[Round "2.9"]
[White "Somton, Anita"]
[Black "Abbott, Mark V"]
[Result "0-1"]
[WhiteElo "1657"]
[BlackElo "1856"]
[PlyCount "106"]
[EventDate "2016.11.04"]

1. d4 Nf6 2. c4 c5 3. d5 b5 4. Qc2 d6 5. e4 Nbd7 6. cxb5 g6 7. Nf3 Bg7 8. h3
O-O 9. Nc3 Ne8 10. Be3 Nc7 11. Be2 a6 12. a4 axb5 13. Nxb5 Nxb5 14. Bxb5 Ba6
15. O-O Bxb5 16. axb5 Qb6 17. Bg5 f6 18. Bd2 Qxb5 19. Bc3 Nb6 20. b3 Bh6 21.
Rfb1 f5 22. Rxa8 Nxa8 23. Ba1 Bg7 24. Bxg7 Kxg7 25. Ng5 Nc7 26. Qc3+ Kg8 27.
Rd1 h6 28. Ne6 Nxe6 29. dxe6 fxe4 30. Qe3 Kh7 31. Rd2 Rf6 32. Qxe4 Qxb3 33.
Rxd6 exd6 34. e7 Re6 35. e8=Q Rxe4 36. Qxe4 Qf7 37. Kf1 d5 38. Qc2 Qa7 39. Qd3
Qa1+ 40. Ke2 Qb2+ 41. Kf3 Qf6+ 42. Ke2 Qe5+ 43. Kf1 Kg7 44. Qa6 c4 45. Qb7+ Kf6
46. Qc6+ Kg5 47. g3 Qe4 48. h4+ Kg4 49. Qc8+ Kf3 50. Qf8+ Qf5 51. Qa3+ Qd3+ 52.
Qxd3+ cxd3 53. Ke1 h5 0-1

[Event "11th 4NCL Congress"]
[Site "Milton Keynes"]
[Date "2016.11.05"]
[Round "2.10"]
[White "Metcalfe, Charlie P"]
[Black "David, Ivan"]
[Result "0-1"]
[WhiteElo "1536"]
[BlackElo "1853"]
[PlyCount "81"]
[EventDate "2016.11.04"]

1. d4 d6 2. Nf3 Nf6 3. c4 Nbd7 4. Nc3 e5 5. d5 c6 6. e4 Be7 7. Be2 Nc5 8. Qc2
a5 9. O-O O-O 10. Be3 Ncd7 11. Qa4 c5 12. Qc2 Ne8 13. a3 g6 14. b4 b6 15. Qa4
f5 16. Qc6 Ra7 17. Bg5 Bxg5 18. Nxg5 Nb8 19. Qb5 Bd7 20. Ne6 Qc8 21. Qxb6 Ra6
22. Qd8 Bxe6 23. Qe7 Bf7 24. exf5 gxf5 25. b5 Rb6 26. Qa7 Nd7 27. Qxa5 Nef6 28.
Na4 Rb8 29. b6 Ra8 30. Qb5 Qa6 31. b7 Qxa4 32. bxa8=Q Rxa8 33. Qxa4 Rxa4 34.
Rfc1 Bg6 35. Bd1 Ra5 36. Rcb1 f4 37. Rb3 Ra6 38. f3 Kf7 39. a4 h5 40. a5 h4 41.
Kf2 0-1

[Event "11th 4NCL Congress"]
[Site "Milton Keynes"]
[Date "2016.11.05"]
[Round "2.11"]
[White "See, Tristian"]
[Black "Ansari, Athar"]
[Result "0-1"]
[WhiteElo "1514"]
[BlackElo "1795"]
[PlyCount "124"]
[EventDate "2016.11.04"]

1. e4 c5 2. f4 Nc6 3. Nf3 e6 4. Bb5 Be7 5. Bxc6 bxc6 6. O-O Nf6 7. d3 O-O 8.
Nc3 Ba6 9. Qe1 c4 10. d4 Bb4 11. Bd2 d5 12. e5 Bxc3 13. Bxc3 Ne4 14. Nd2 Nxc3
15. bxc3 Rb8 16. Rb1 Qa5 17. Rf3 Qxa2 18. Ra1 Qxc2 19. Rxa6 Rb2 20. Rxa7 Qxd2
21. Qxd2 Rxd2 22. Rf2 Rd3 23. Rc2 g6 24. Ra1 Rb8 25. Kf2 Rb3 26. Rac1 Kg7 27.
Ke2 h6 28. g3 g5 29. Kf2 Kg6 30. fxg5 hxg5 31. Kg2 Kf5 32. Kf2 g4 33. Kg1 Ke4
34. Kf2 Rf3+ 35. Kg2 Kd3 36. h4 Rf5 37. Kg1 Rb1 38. Kg2 Rxc1 39. Rxc1 Kd2 40.
Rf1 Rh5 41. Rxf7 Kxc3 42. Rf4 Kd3 43. Rf6 c3 44. Rxe6 c2 45. Rxc6 Kd2 46. Kf2
Rf5+ 47. Kg2 c1=Q 48. Rxc1 Kxc1 49. h5 Rxh5 50. Kf2 Kd2 51. e6 Rh2+ 52. Kf1 Re2
53. Kg1 Rxe6 54. Kf2 Re2+ 55. Kf1 Ke3 56. Kg1 Kf3 57. Kf1 Rh2 58. Ke1 Kxg3 59.
Kf1 Kh3 60. Ke1 g3 61. Kd1 g2 62. Kc1 g1=Q# 0-1

[Event "11th 4NCL Congress"]
[Site "Milton Keynes"]
[Date "2016.11.05"]
[Round "2.12"]
[White "Livesey, R  Nigel"]
[Black "Sahinoz, Giulio O"]
[Result "1-0"]
[WhiteElo "1777"]
[BlackElo "1374"]
[PlyCount "99"]
[EventDate "2016.11.04"]

1. c4 e5 2. g3 Nf6 3. Bg2 c6 4. d4 e4 5. e3 d5 6. cxd5 cxd5 7. Nc3 Nc6 8. Nh3
Bb4 9. O-O O-O 10. Qb3 Be6 11. Nf4 Rc8 12. Bd2 Qd7 13. Rac1 Rfd8 14. a3 Ba5 15.
Nxe6 Qxe6 16. Qd1 a6 17. b4 Bb6 18. Na4 Ba7 19. Nc5 Qe7 20. Bh3 Rb8 21. Nxa6
bxa6 22. Rxc6 Qb7 23. Qc2 Ne8 24. Rc1 Nd6 25. Bf1 Nc4 26. Rxc4 dxc4 27. Qxc4
Qb5 28. Qc7 Qb6 29. Bh3 Qxc7 30. Rxc7 Bb6 31. Rc6 g6 32. f3 exf3 33. Rf6 Kg7
34. Rxf3 f5 35. g4 fxg4 36. Bxg4 Rf8 37. Kg2 Rf6 38. a4 Kf7 39. Kf2 Ke7 40. Ke2
Kd6 41. Bc8 Ba7 42. Kd3 a5 43. b5 Rf7 44. Ke2 h5 45. h3 Rc7 46. Ba6 Rc4 47. Bb7
Rxa4 48. Bc6 Ra1 49. Rf2 Ke6 50. Kf3 1-0

[Event "11th 4NCL Congress"]
[Site "Milton Keynes"]
[Date "2016.11.05"]
[Round "2.13"]
[White "Whiteside, Robert"]
[Black "Lawson, Maurice E"]
[Result "0-1"]
[WhiteElo "1803"]
[BlackElo "1963"]
[PlyCount "122"]
[EventDate "2016.11.04"]

1. e4 c6 2. d4 d5 3. exd5 cxd5 4. c4 Nf6 5. Nc3 e6 6. Bg5 Be7 7. Nf3 O-O 8. c5
Nc6 9. Bd3 b6 10. Qa4 Bd7 11. Bb5 Qc7 12. b4 bxc5 13. bxc5 a6 14. Bxc6 Bxc6 15.
Qc2 Rfb8 16. O-O Rb4 17. Rfb1 Rab8 18. a3 R4b7 19. g3 Nh5 20. Bxe7 Qxe7 21. Ne5
Be8 22. Rxb7 Rxb7 23. Rb1 f6 24. Nf3 g5 25. Rb4 a5 26. Rb2 Ng7 27. Qb1 Rxb2 28.
Qxb2 g4 29. Ne1 Nf5 30. Nc2 Bc6 31. Qb6 Qb7 32. Qxa5 Qb2 33. Nb4 Qxc3 34. Nxc6
Qxa5 35. Nxa5 Nxd4 36. c6 Nb5 37. Kf1 Kf8 38. a4 Na7 39. c7 Ke8 40. Nc6 Nc8 41.
Nd4 Kd7 42. Nb5 Nb6 43. Nd4 e5 44. a5 Na8 45. Ne6 Nxc7 46. Nc5+ Kc6 47. Nb3 Kb5
48. Ke2 Kb4 49. Nc1 Kxa5 50. Nd3 Kb5 51. Ke3 Ne6 52. Ne1 Kc4 53. Ng2 Ng5 54.
Nh4 d4+ 55. Ke2 Nf3 56. Nf5 Nxh2 57. Nd6+ Kd5 58. Nf5 Ke6 59. Nh4 Nf3 60. Ng2
Kd5 61. Kd3 f5 0-1

[Event "11th 4NCL Congress"]
[Site "Milton Keynes"]
[Date "2016.11.05"]
[Round "2.14"]
[White "Bovtramovics, Vladimirs"]
[Black "Nwachukwu, Chino"]
[Result "0-1"]
[WhiteElo "1752"]
[BlackElo "1936"]
[PlyCount "74"]
[EventDate "2016.11.04"]

1. e4 c5 2. Nc3 b6 3. Nf3 d6 4. d4 cxd4 5. Nxd4 Nf6 6. Bc4 e6 7. O-O Be7 8. Qe2
O-O 9. Kh1 a6 10. a4 Qc7 11. Bd3 Nbd7 12. f4 Bb7 13. Nf3 Nc5 14. Bd2 Nxd3 15.
cxd3 Rac8 16. Rac1 Qd7 17. d4 b5 18. axb5 axb5 19. e5 Nd5 20. Ne4 h6 21. Qd3 b4
22. Ng3 Bc6 23. Qb1 Bb5 24. Rfe1 b3 25. f5 exf5 26. Nxf5 dxe5 27. Nxe5 Rxc1 28.
Rxc1 Qb7 29. Qe4 Rd8 30. Bxh6 g6 31. Nxe7+ Qxe7 32. Qf3 Nb4 33. Qxb3 Rxd4 34.
Nf3 Rd3 35. Rc3 Rxf3 36. gxf3 Qe1+ 37. Kg2 Bf1+ 0-1

[Event "11th 4NCL Congress"]
[Site "Milton Keynes"]
[Date "2016.11.05"]
[Round "2.15"]
[White "Woods, Timothy J"]
[Black "Nandi, Robin J"]
[Result "0-1"]
[WhiteElo "1716"]
[BlackElo "1848"]
[PlyCount "48"]
[EventDate "2016.11.04"]

1. e4 e6 2. d4 d5 3. Nc3 Nf6 4. e5 Nfd7 5. f4 c5 6. Nf3 Nc6 7. Be3 Qb6 8. Qd2
Qxb2 9. Rb1 Qa3 10. Bb5 Be7 11. O-O f6 12. Ba4 cxd4 13. Nxd4 Nxd4 14. Bxd4 Bc5
15. Rb3 Bxd4+ 16. Qxd4 Qe7 17. Nxd5 exd5 18. e6 O-O 19. exd7 Bxd7 20. Rxb7 Rfd8
21. Bb3 Qe8 22. Qxd5+ Kh8 23. Qa5 Bc6 24. Re1 Qg6 0-1

[Event "11th 4NCL Congress"]
[Site "Milton Keynes"]
[Date "2016.11.05"]
[Round "2.16"]
[White "Homolka, Vincent O"]
[Black "Modi, Shyam Jagdish"]
[Result "1/2-1/2"]
[WhiteElo "1812"]
[BlackElo "1787"]
[PlyCount "52"]
[EventDate "2016.11.04"]

1. e4 e6 2. d4 d5 3. Bd3 Nc6 4. c3 e5 5. Nf3 Nf6 6. Bg5 Be7 7. dxe5 Nxe4 8. Bf4
Bg4 9. h3 Bh5 10. Nbd2 g5 11. Bh2 Bg6 12. Qe2 Nxd2 13. Qxd2 Bxd3 14. Qxd3 Qd7
15. O-O-O O-O-O 16. Rhe1 h5 17. Nd4 Nxd4 18. Qxd4 Rh6 19. Kb1 Rb6 20. Qd3 Qa4
21. Qc2 Qa5 22. Rd4 Ra6 23. b3 Rb6 24. f3 Bc5 25. Rd2 Rc6 26. Red1 Be7 1/2-1/2

[Event "11th 4NCL Congress"]
[Site "Milton Keynes"]
[Date "2016.11.05"]
[Round "2.17"]
[White "Goodfellow, Russell R"]
[Black "Fryer, David W"]
[Result "0-1"]
[WhiteElo "1925"]
[BlackElo "1918"]
[PlyCount "67"]
[EventDate "2016.11.04"]

1. e4 d6 2. d4 Nf6 3. Nc3 e5 4. Nf3 Nbd7 5. dxe5 dxe5 6. Bc4 Bb4 7. Qd3 O-O 8.
Bd2 c6 9. a3 Bc5 10. b4 Bb6 11. Bg5 a6 12. Rd1 Bc7 13. Qe2 Qe7 14. O-O Nb6 15.
Bd3 Bg4 16. Qe3 Nbd7 17. h3 Be6 18. Nd2 h6 19. Bh4 g5 20. Bg3 Nh5 21. Bh2 Nf4
22. Bc4 Bb6 23. Qf3 Nf6 24. Bxf4 gxf4 25. Kh2 Kh8 26. g3 Rg8 27. Bxe6 fxe6 28.
Ne2 Raf8 29. Qc3 Bc7 30. Kh1 Qf7 31. Qf3 h5 32. Rg1 Qh7 33. Rg2 fxg3 34. Rxg3
0-1

[Event "11th 4NCL Congress"]
[Site "Milton Keynes"]
[Date "2016.11.05"]
[Round "2.18"]
[White "Modi, Kishan J"]
[Black "Bishop, Geoffrey L"]
[Result "1-0"]
[WhiteElo "1595"]
[BlackElo "1729"]
[PlyCount "95"]
[EventDate "2016.11.04"]

1. e4 c5 2. Nf3 Nc6 3. d4 cxd4 4. Nxd4 g6 5. Nc3 Bg7 6. Be3 Nf6 7. Bc4 O-O 8.
Bb3 d6 9. f3 Bd7 10. Qd2 Rc8 11. h4 h5 12. O-O-O Ne5 13. Bg5 Qa5 14. Kb1 Nc4
15. Bxc4 Rxc4 16. Nb3 Qa6 17. e5 Rxc3 18. bxc3 Nh7 19. Bxe7 Bxe5 20. Bxd6 Bxd6
21. Qxd6 Qxd6 22. Rxd6 Be6 23. Nc5 Bf5 24. Nxb7 Rb8 25. Rd8+ Rxd8 26. Nxd8 Bd7
27. Nb7 Nf6 28. Nc5 Bc6 29. Rd1 Nd5 30. Ne4 Kg7 31. c4 Ne3 32. Rd6 Ba4 33. c5
Bxc2+ 34. Kc1 Ba4 35. c6 Nf5 36. c7 Nxd6 37. Nxd6 Bd7 38. c8=Q Bxc8 39. Nxc8 a6
40. Kd2 Kf6 41. Nb6 Ke5 42. Ke3 f6 43. g4 hxg4 44. fxg4 f5 45. Nd7+ Kd6 46.
gxf5 gxf5 47. Nf6 Ke5 48. Nh5 1-0

[Event "11th 4NCL Congress"]
[Site "Milton Keynes"]
[Date "2016.11.05"]
[Round "3.1"]
[White "Taylor, Robert K"]
[Black "Williamson, Kevin J"]
[Result "1-0"]
[WhiteElo "1946"]
[BlackElo "1959"]
[PlyCount "63"]
[EventDate "2016.11.04"]

1. Nf3 Nc6 2. e4 d6 3. d4 Nf6 4. c3 g6 5. Bd3 Bg7 6. h3 O-O 7. Be3 e5 8. Nbd2
exd4 9. Nxd4 Nxd4 10. cxd4 Re8 11. O-O Qe7 12. Qc2 c6 13. Rae1 d5 14. e5 Nd7
15. Nb3 Nf8 16. f4 f5 17. exf6 Qxf6 18. g4 Bd7 19. Qd2 Qd6 20. Qf2 Re7 21. f5
gxf5 22. Bf4 Qf6 23. Be5 Qf7 24. gxf5 Bf6 25. Kh1 Rae8 26. Rg1+ Kh8 27. Qg3
Bxe5 28. dxe5 Bc8 29. e6 Nxe6 30. fxe6 Rxe6 31. Rxe6 Bxe6 32. Qe5+ 1-0